[Event "GER-chT U18 Girls"]
[Site "Germany"]
[Date "2011.05.14"]
[Round "6.3"]
[White "Muenzner, Jasmin"]
[Black "Bach, Kira Annika"]
[Result "1/2-1/2"]
[WhiteElo "1100"]
[BlackElo "1136"]
[PlyCount "64"]
[EventDate "2011.05.13"]
[EventType "team-swiss"]
[EventRounds "7"]
[EventCountry "GER"]
[SourceTitle "EXT 2012"]
[Source "ChessBase"]
[SourceDate "2011.11.24"]
[SourceVersion "1"]
[SourceVersionDate "2011.11.24"]
[SourceQuality "1"]
[WhiteTeam "Aue CWG (W)"]
[BlackTeam "Trier (W)"]
[WhiteTeamCountry "GER"]
[BlackTeamCountry "GER"]

1. e4 e6 2. d4 d5 3. e5 c5 4. c3 Nc6 5. Be3 Qb6 6. b3 f6 7. Nf3 Be7 8. Be2 cxd4 9. Nxd4 Nxe5 10. Nb5 Bc5 11. Bxc5 Qxc5 12. b4 Qb6 13. Qc2 Bd7 14. Nd4 Nc6 15. Nxc6 Bxc6 16. 0-0 Ne7 17. Nd2 0-0 18. Rad1 a5 19. a3 axb4 20. axb4 Ba4 21. Nb3 Rac8 22. Ra1 Ra8 23. Qb2 Bxb3 24. Qxb3 e5 25. Ra2 Rxa2 26. Qxa2 e4 27. c4 Qxb4 28. cxd5 Kh8 29. Rb1 Qd6 30. Bc4 Qd7 31. Rb5 f5 32. Qb3 Rb8 1/2-1/2

[Event "Sachsen-ch U14 Girls"]
[Site "Sebnitz"]
[Date "2011.04.29"]
[Round "5"]
[White "Cozma, Diana"]
[Black "Muenzner, Jasmin"]
[Result "0-1"]
[WhiteElo "1281"]
[BlackElo "1037"]
[PlyCount "102"]
[EventDate "2011.04.26"]
[EventType "swiss"]
[EventRounds "7"]
[EventCountry "GER"]
[SourceTitle "EXT 2012"]
[Source "ChessBase"]
[SourceDate "2011.11.24"]
[SourceVersion "1"]
[SourceVersionDate "2011.11.24"]
[SourceQuality "1"]

1. e4 c5 2. Nf3 e6 3. d4 cxd4 4. Nxd4 a6 5. Nc3 b5 6. a3 Bb7 7. f3 g6 8. Be3 Bg7 9. Be2 Ne7 10. 0-0 0-0 11. Qd2 d5 12. exd5 Nxd5 13. Nxd5 Bxd5 14. Rad1 Qc7 15. c3 Nc6 16. f4 e5 17. Nf3 Rad8 18. Qc1 Rd7 19. Rd2 Rfd8 20. Qd1 exf4 21. Bd4 Nxd4 22. cxd4 Bxf3 23. Rxf3 Bxd4+ 24. Kh1 Bxb2 25. Rfd3 Qc1 26. Rxd7 Rxd7 27. Qxc1 Bxc1 28. Rxd7 Bxa3 29. Ra7 b4 30. Rxa6 Kg7 31. Kg1 f6 32. h4 h5 33. Kf2 Bb2 34. Rb6 Bd4+ 35. Kf3 Bxb6 36. Bc4 g5 37. hxg5 fxg5 38. Ke4 Kf6 39. Bd5 Be3 40. Bc4 g4 41. Be2 b3 42. Bd1 b2 43. Bc2 h4 44. Bd3 h3 45. gxh3 gxh3 46. Kf3 Ke5 47. Bc2 Kd4 48. Bf5 Kc3 49. Bb1 Kd2 50. Be4 Kc1 51. Bb1 Kxb1 0-1